[Event "Mestre Cipressina op-B 5th"]
[Site "Mestre"]
[Date "2016.11.27"]
[Round "4"]
[White "Benetti, Andrea"]
[Black "Bordin, Silvia"]
[Result "0-1"]
[WhiteElo "1259"]
[BlackElo "1380"]
[PlyCount "54"]
[EventDate "2016.11.25"]
[EventType "swiss"]
[EventRounds "5"]
[EventCountry "ITA"]
[SourceTitle "EXT 2022"]
[Source "ChessBase"]
[SourceDate "2021.10.06"]
[SourceVersion "1"]
[SourceVersionDate "2021.10.06"]
[SourceQuality "1"]

1. e4 e5 2. Nf3 Nc6 3. Bc4 Bc5 4. d3 h6 5. Nc3 Nf6 6. Qe2 d6 7. h3 Bd7 8. Be3 Bxe3 9. fxe3 Qe7 10. Nd5 Nxd5 11. Bxd5 0-0-0 12. a3 Qe8 13. c4 Ne7 14. b4 Nxd5 15. exd5 e4 16. Nd2 exd3 17. Qxd3 Qe5 18. 0-0 Bxh3 19. e4 Bd7 20. c5 dxc5 21. bxc5 c6 22. d6 Qxc5+ 23. Kh1 Be6 24. Rfc1 Rxd6 25. Qg3 Qh5+ 26. Kg1 Rxd2 27. Qxg7 Rhd8 0-1

[Event "Chioggia op-B 11th"]
[Site "Chioggia"]
[Date "2016.10.08"]
[Round "2"]
[White "Benetti, Andrea"]
[Black "Dentale, Raffaele"]
[Result "0-1"]
[WhiteElo "1248"]
[BlackElo "1639"]
[PlyCount "44"]
[EventDate "2016.10.07"]
[EventType "swiss"]
[EventRounds "5"]
[EventCountry "ITA"]
[SourceTitle "EXT 2022"]
[Source "ChessBase"]
[SourceDate "2021.10.06"]
[SourceVersion "1"]
[SourceVersionDate "2021.10.06"]
[SourceQuality "1"]

1. e4 c5 2. Nc3 d6 3. f4 Nc6 4. Nf3 e6 5. Bc4 a6 6. a4 Nf6 7. 0-0 Be7 8. d3 0-0 9. Qe1 Nb4 10. Bb3 Qc7 11. Qg3 Rd8 12. e5 Ne8 13. Ng5 d5 14. f5 exf5 15. Qh3 h6 16. Nxf7 Kxf7 17. Qh5+ Kg8 18. g4 c4 19. dxc4 dxc4 20. Qg6 cxb3 21. Bxh6 Bc5+ 22. Kg2 Qc6+ 0-1